<?xml version="1.0" encoding="UTF-8"?>
<marc:record xmlns:marc="http://www.loc.gov/MARC21/slim">
   <marc:leader>00000nam a2200000 a 4500</marc:leader>
   <marc:datafield ind1="1" ind2=" " tag="100">
      <marc:subfield code="a">Freund, Wieland</marc:subfield>
      <marc:subfield code="4">ctb</marc:subfield>
      <marc:subfield code="e">Mitwirkende/-r</marc:subfield>
   </marc:datafield>
   <marc:datafield ind1="1" ind2=" " tag="100">
      <marc:subfield code="a">Ahlborn, Jodie</marc:subfield>
      <marc:subfield code="4">ctb</marc:subfield>
      <marc:subfield code="e">Mitwirkende/-r</marc:subfield>
   </marc:datafield>
   <marc:datafield ind1="1" ind2=" " tag="100">
      <marc:subfield code="a">Schaack, Angelika</marc:subfield>
      <marc:subfield code="4">ctb</marc:subfield>
      <marc:subfield code="e">Mitwirkende/-r</marc:subfield>
   </marc:datafield>
   <marc:datafield ind1="0" ind2="0" tag="245">
      <marc:subfield code="a">Wecke niemals einen Schrat!</marc:subfield>
   </marc:datafield>
   <marc:datafield ind1="0" ind2="0" tag="245">
      <marc:subfield code="c">Wieland Freund. Gelesen von Jodie Ahlborn. Bearb. und Regie: Angelika Schaak</marc:subfield>
   </marc:datafield>
   <marc:datafield ind1=" " ind2="1" tag="264">
      <marc:subfield code="a">Hamburg</marc:subfield>
      <marc:subfield code="b">Hörcompany</marc:subfield>
      <marc:subfield code="c">2013</marc:subfield>
   </marc:datafield>
   <marc:datafield ind1="1" ind2=" " tag="520">
      <marc:subfield code="a">Angaben aus der Verlagsmeldung

Wecke niemals einen Schrat! : Die Abenteuer von Jannis und Motte. 3 CDs, Laufzeit ca. 4 Std. 10 Min. / von Wieland Freund

Von Elfen, Zauberern und einem Schrat – ein zeitloses Wald-Abenteuer.

Seit Jannis den Schrat geweckt hat, weicht Wendel nicht mehr von seiner Seite. Was fu¨r ein Pech, glauben Elfen doch, Schrate brächten Unglu¨ck. Aber es kommt noch schlimmer: Der Zauberer Holunder lässt einen gewaltigen Sturm durch den Wald fegen. Dabei wird nicht nur Jannis‘ beste Freundin Motte, sondern auch die Elfenkönigin Titania verweht. Wer kann den Elfenwald jetzt noch retten?
Die junge Schauspielerin Jodie Ahoborn schlüpft in alle Figuren und lässt den Wald für die Zuhörer geheimnisvoll und lebendig werden.
</marc:subfield>
   </marc:datafield>
   <marc:datafield ind1=" " ind2=" " tag="020">
      <marc:subfield code="a">9783942587495</marc:subfield>
      <marc:subfield code="9">9783942587495</marc:subfield>
   </marc:datafield>
   <marc:datafield ind1=" " ind2=" " tag="020">
      <marc:subfield code="a">3942587491</marc:subfield>
      <marc:subfield code="9">3942587491</marc:subfield>
   </marc:datafield>
   <marc:datafield ind1=" " ind2=" " tag="041">
      <marc:subfield code="a">ger</marc:subfield>
   </marc:datafield>
   <marc:datafield ind1=" " ind2=" " tag="300">
      <marc:subfield code="a">4 CDs (ca. 4 Std. 49 Min.)</marc:subfield>
   </marc:datafield>
</marc:record>
